000 00404 a2200157 4500
005 20250618150956.0
020 _a0-07-248259-1
082 _a658.31 HEN
100 _aHENEMAN, G. H
245 _aStaffing Organizations
250 _a4th Ed.
260 _aNew York
_bMcGraw-Hill Irwin
_c2003.
300 _axv,728p.: ill.; figure, tables
_bIndex
_c23.5cm
700 _aTimothy A. Judge
942 _2ddc
_cBKS
999 _c4319
_d4319